00943nam a2200253 a 450000100100000000500170001000800410002704000250006808200160009324501180010926000360022730000300026370000390029370000360033270000330036870000260040170000350042770000380046270000210050070000280052104900090054995201140055899900170067200001591520200929164211.0100222s2008 dr c 000 0 spa d aDO-SdBNPbspacBNPHU axxxxbC542i00aChispas :binspiraciones! Antología poética y otras manifestaciones /cFlor Esperanza Rijo Rivera [et...al.]. aSanto Domingo :b[s.n.],c2008. a64 p. :bretrs. ;c22 cm.1 aRijo Rivera, Flor Esperanza9357951 aTavárez Justo, Eduardo9357961 aGarcía S., Cristina9357971 aSilfa, Gabriel9357981 aRodríguez, Xiomara I.9357991 aGarcía Zorrilla, Jesús9358001 aAnónimo9358011 aWakivegh, Pipfax935802 aBNPD 0010718PDaPDbPDcCTd2010-02-22iLF1l0oxxxx C542ip15915-10r2020-06-25w2020-06-25yLFPDZNo se presta c15457d15457